| 000 | 00486nam a2200157 a 4500 | ||
|---|---|---|---|
| 001 | 000025912 | ||
| 005 | 20200930024139.0 | ||
| 008 | 110224s2003 dr 000 0 spa d | ||
| 040 |
_aDO-SdBNP _bspa _cBNPHU |
||
| 082 |
_axxx _bM475a |
||
| 100 | 1 |
_aMaza Miquel, Manuel Pablo _952777 |
|
| 245 | 1 | 0 |
_aApuntes para meditar el padre Nuestro / _cManuel Pablo Maza Miquel. |
| 260 |
_aSanto Domingo : _bComunidades de vida cristiana _fBúho, _c2003. |
||
| 300 |
_a39 p. ; _c23 cm. |
||
| 049 | _aBNPD | ||
| 999 |
_c25404 _d25404 |
||